Taylor Swift Track 4 Songs - Sudden Death - Statistics

General Stats
  • This quiz has been taken 97 times
  • The average score is 6 of 10
Answers on the Grid
Answers color-coded by a green-red scale on the quiz's grid according to % correct below.
Out Of The Woods
Treacherous
My Boy Only Breaks His Favorite Toys
The Man
A Place In This World
no body, no crime
Maroon
Hey Stephen
Don’t Blame Me
Lover
I Knew You Were Trouble
exile
Down Bad
Speak Now
Style
Snow On The Beach
 
Answer Stats
Answer % Correct
Out Of The Woods
84%
Don’t Blame Me
77%
Down Bad
68%
A Place In This World
65%
exile
61%
Snow On The Beach
58%
Speak Now
55%
The Man
55%
Hey Stephen
52%
I Knew You Were Trouble
52%
No matching quizzes found
Score Distribution
Percent of People with Each Score
Percentile by Number Answered
Your Score History
You have not taken this quiz